Programujeme GPU /1. časť

Bibliographic Details
Main Author: Sopko, Marek (Author)
Format: Article
Language:Slovak

MARC

LEADER 00000nab a2200000ua 4500
001 vtls010762604
003 SK-MaSNL
005 20260427043945.0
008 250718s2011 xo |||||||||||||||||slo|
035 |a (urnnbn)urn:nbn:sk:snk:ar-a01tiw 
035 |a (uuid)ec3fccb3-29ef-423c-be6f-322028806729 
035 |a urn:nbn:sk:snk-ab4gdy 
040 |a SNKBUCL  |b slo  |c SNKBUCL  |e AACR2 
041 0 |a slo 
044 |a xo  |c SK 
100 1 |a Sopko, Marek  |4 aut  |9 75517 
245 1 0 |a Programujeme GPU /1. časť  |c Marek Sopko 
773 0 |t InfoWare : magazín IT profesionálov  |g Roč. 7, č. 1 - 2 (2011), s. 61 
850 |a Slovenská národná knižnica 
852 |a Slovenská národná knižnica 
954 |a odborná, vedecká literatúra pôvodná (slovenská)  |2 lita 
958 |a article3 
958 |a OND 
958 |a EUIPO 
999 |c 3100554  |d 3102484